[Event "24th ECC"]
[Site "Kallithea GRE"]
[Date "2008.10.20"]
[Round "4"]
[White "Henrichs,T"]
[Black "Ris,R"]
[Result "1/2-1/2"]
[WhiteElo "2485"]
[BlackElo "2417"]

1.d4 d5 2.c4 c6 3.Nf3 Nf6 4.Nc3 a6 5.a4 e6 6.Bg5 a5 7.e3 Na6 8.Bd3 Nb4 9.e4 dxe4
10.Nxe4 Be7 11.Bxf6 gxf6 12.O-O e5 13.Ng3 Be6 14.Bf5 Qd7 15.Bxe6 Qxe6 16.dxe5 fxe5
17.Qe2 f6 18.Rad1 Rd8 19.Nd4 Qf7 20.Ndf5 Qg6 21.f4 Bc5+ 22.Kh1 O-O 23.fxe5 fxe5
24.Qxe5 b6 25.Rxd8 Rxd8 26.Nh5 Nd3 27.Qe2 Kh8 28.g4 Qe8 29.Qf3 Nf2+ 30.Rxf2 Bxf2
31.Qc3+ Bd4 32.Nxd4 Qe5 33.Nxc6 Qxc3 34.bxc3 Rd1+ 35.Kg2 Ra1 36.c5 bxc5 37.Nxa5 Rxa4
38.Nb7 Rc4 39.Ng3 Rxc3 40.Ne4 Rc2+ 41.Kg3 c4 42.Nbd6 c3 43.Kf4 Rd2 44.Ke3 Rxh2
45.Nxc3 Rh3+ 46.Kd4 Rh4 47.Nf7+ Kg7 48.Ne5 h5 49.Ke4 Rxg4+ 50.Nxg4 hxg4 51.Kf4 g3
52.Kxg3  1/2-1/2

[Event "24th ECC"]
[Site "Kallithea GRE"]
[Date "2008.10.20"]
[Round "4"]
[White "Karagiannis,A"]
[Black "Martin Alvarez,I"]
[Result "1-0"]
[WhiteElo "2341"]
[BlackElo "2212"]

1.d4 d5 2.c4 c6 3.Nc3 Nf6 4.Nf3 a6 5.Bg5 Ne4 6.cxd5 Nxg5 7.Nxg5 cxd5 8.e3 e6
9.f4 Be7 10.Nf3 b5 11.Bd3 Bb7 12.O-O Nd7 13.Ne5 Nf6 14.Qf3 O-O 15.f5 exf5
16.Qxf5 g6 17.Qf3 Kg7 18.Rac1 Rc8 19.Ne2 Rxc1 20.Rxc1 Qd6 21.Nf4 Qb4 22.h3 Bd6
23.Rf1 Qxb2 24.Bxg6 Bxe5 25.Nd3 Qc3 26.Rc1 Qa3 27.dxe5 fxg6 28.Rc7+ Kh8 29.exf6 Qxd3
30.Rxb7 d4 31.Rf7 Rd8 32.Rd7 Rf8 33.Rxd4 Qb1+ 34.Kh2 Qf5 35.Qxf5 gxf5 36.Rd6 a5
37.Kg3 b4 38.Ra6 a4 39.Kf4 b3 40.axb3 axb3 41.Rb6 b2 42.Kxf5 h5 43.Rxb2 Ra8
44.e4 Kh7 45.e5 Ra6 46.Rb7+ Kh6 47.Rb8  1-0

[Event "TCh-CHN Torch Real Estate Cup"]
[Site "Jiangsu Wuxi CHN"]
[Date "2008.10.21"]
[Round "9"]
[White "Bu Xiangzhi"]
[Black "Zhang Pengxiang"]
[Result "1/2-1/2"]
[WhiteElo "2708"]
[BlackElo "2640"]

1.Nf3 Nf6 2.c4 c6 3.Nc3 d5 4.d4 a6 5.e3 b5 6.b3 Bg4 7.Be2 e6 8.O-O Nbd7 9.h3 Bf5
10.Bb2 Ne4 11.Nxe4 Bxe4 12.Bd3 Bxd3 13.Qxd3 Be7 14.e4 O-O 15.cxd5 cxd5 16.exd5 exd5
17.Ne5 Rc8 18.Rac1 Nb8 19.Rxc8 Qxc8 20.Rc1 Qe6 21.Qc3 Bd6 22.a4  1/2-1/2

[Event "WYCC Girls U16"]
[Site "Vung Tau City VIE"]
[Date "2008.10.21"]
[Round "2"]
[White "Tjolsen,K"]
[Black "Bucar,N"]
[Result "0-1"]
[WhiteElo "2110"]
[BlackElo "1882"]

1.Nf3 d5 2.d4 Nf6 3.c4 c6 4.Nc3 a6 5.e3 b5 6.c5 Bg4 7.Qb3 Nbd7 8.a4 g6 9.Na2 Bg7
10.Nb4 Qc8 11.Qa3 O-O 12.axb5 axb5 13.Qxa8 Qxa8 14.Rxa8 Rxa8 15.Be2 Bxf3
16.gxf3 Nb8 17.f4 Kf8 18.Kd1 Ke8 19.Kc2 Kd7 20.Bd2 Ne4 21.Be1 Na6 22.Nd3 Nb8
23.f3 Nf6 24.Ne5+ Ke6 25.Bc3 Nfd7 26.Nd3 f5 27.h4 Kf7 28.h5 Bf6 29.hxg6+ hxg6
30.Ne5+ Nxe5 31.fxe5 Bg7 32.Bd3 e6 33.e4 Nd7 34.Bd2 Nf8 35.Bg5 Ra4 36.Kc3 Ra8
37.Bc2 Ra7 38.b3 Ra8 39.Kb2 Ra7 40.Bd8 Ra6 41.Bc7 Ra8 42.Bd6 Kg8 43.Bd3 Kf7
44.Be2 Ra5 45.Re1 Ra8 46.Kc3 Ra2 47.Bd3 Bh6 48.Re2 Bd2+ 49.Rxd2 b4+ 50.Kxb4 Rxd2
51.Kc3 Rf2 52.b4 Rxf3 53.exd5 exd5 54.b5 cxb5 55.c6 Ne6 56.c7 b4+ 57.Kd2 Nxc7
58.Bxc7 b3 59.Bd6 b2 60.Bb1 Ke6 61.Bb4 g5 62.Ke2 g4 63.Bd2 Rh3 64.Be1 f4
65.Bg6 Rh2+ 66.Kf1 Rh1+ 67.Ke2 f3+ 68.Kd2 Rh2+ 69.Ke3 Re2+  0-1

[Event "WYCC Boys U18"]
[Site "Vung Tau City VIE"]
[Date "2008.10.21"]
[Round "2"]
[White "Valli,F"]
[Black "Delorme,Ax"]
[Result "0-1"]
[WhiteElo "2179"]
[BlackElo "2415"]

1.Nf3 d5 2.d4 Nf6 3.c4 c6 4.Nc3 a6 5.cxd5 cxd5 6.Bf4 Nc6 7.e3 Bg4 8.Be2 e6
9.O-O Be7 10.h3 Bxf3 11.Bxf3 O-O 12.Rc1 Rc8 13.Be2 Nd7 14.Bd3 g6 15.Qe2 Nb6
16.Rfd1 Na5 17.Nb1 Qd7 18.Nd2 Na4 19.Nf3 Rxc1 20.Rxc1 Rc8 21.Rc2 Rxc2 22.Qxc2 Qc6
23.Bc7 Nc4 24.b3 Qxc7 25.bxc4 dxc4 26.Qxc4 Qxc4 27.Bxc4 b5 28.Bb3 Nc3 29.Ne5 Bd8
30.Nc6 Bc7 31.d5 Nxd5 32.Bxd5 exd5 33.Ne7+ Kf8 34.Nxd5 Bd6 35.Kf1 h5 36.e4 Ke8
37.Ke2 Kd7 38.Kd3 a5 39.a4 bxa4 40.Nb6+ Kc6  0-1

[Event "24th ECC"]
[Site "Kallithea GRE"]
[Date "2008.10.22"]
[Round "6"]
[White "Klimov,S"]
[Black "Stojanovic,Da"]
[Result "1-0"]
[WhiteElo "2521"]
[BlackElo "2455"]

1.d4 d5 2.c4 c6 3.Nc3 Nf6 4.Nf3 a6 5.c5 Nbd7 6.Bf4 Nh5 7.Bg5 h6 8.Bd2 g6
9.e4 dxe4 10.Nxe4 Ndf6 11.Nxf6+ Nxf6 12.Bc4 Nd5 13.O-O Bg7 14.Qb3 O-O 15.Rfe1 Kh7
16.Ne5 f6 17.Nf3 e6 18.Bd3 Qc7 19.Qc2 Qf7 20.Re4 Kg8 21.Rae1 Bd7 22.h4 Rae8
23.Qc1 g5 24.hxg5 hxg5 25.Qb1 Qh5 26.g4 Qh3 27.Bf1 Qh7 28.Kg2 f5 29.Nxg5 Qg6
30.gxf5 Rxf5 31.Rg4 Ref8 32.f3 Qh5 33.Be2 Nf4+ 34.Bxf4 Rxf4 35.Ne4 Rxg4+
36.fxg4 Qd5 37.Bf3 Qxd4 38.Re2 Qe5 39.Qd3 Qf4 40.Ng3 Qd4 41.Qxd4 Bxd4 42.Rd2 e5
43.Ne2 Be6 44.Nxd4 exd4 45.Rxd4 Bxa2 46.Rd7 Rb8 47.b4 a5 48.bxa5 Ra8 49.Rxb7 Rxa5
50.Rb2 Be6 51.Rc2 Kf7 52.Kg3 Ra4 53.Rh2 Rc4 54.Rh5 Kg6 55.Kh4 Kf6 56.Kh3 Kg6
57.Kg3 Bd7 58.Be2 Rd4 59.Rh8 Be6 60.Re8 Kf7 61.Rh8 Kg7 62.Rh5 Kg6 63.Re5 Kf6
64.Re3 Bd5 65.Kh4 Re4 66.Rxe4 Bxe4 67.Kg3 Ke5 68.Bf3 Bc2 69.Bxc6 Kd4 70.Kf4 Kxc5
71.Be4 Bd1 72.Bf3 Bc2 73.Ke5 Bd3 74.g5 Bg6 75.Bd5 Bh5 76.Be6 Be8 77.Kf6 Kd6
78.Bf7 Ba4 79.g6 Bc2 80.g7 Bh7 81.Bb3 Kd7 82.Kf7 Kd6 83.Kf8  1-0

[Event "24th ECC"]
[Site "Kallithea GRE"]
[Date "2008.10.22"]
[Round "6"]
[White "Lampen,T"]
[Black "Hlinka,V"]
[Result "1/2-1/2"]
[WhiteElo "2337"]
[BlackElo "2203"]

1.d4 d5 2.Nf3 Nf6 3.c4 c6 4.Nc3 a6 5.g3 dxc4 6.Bg2 b5 7.Ne5 Bb7 8.a4 e6 9.O-O Nd5
10.e4 Nxc3 11.bxc3 Be7 12.f4 Nd7 13.Qg4 O-O 14.f5 Nf6 15.Qh3 exf5 16.exf5 Nd5
17.f6 Bxf6 18.Be4 g6 19.Bxd5 Bxe5 20.Rxf7 Rxf7 21.Bxf7+ Kh8 22.Bxg6 Bxd4+
23.Kf1 Qe7 24.cxd4 Bc8 25.g4 Qf6+ 26.Bf5 Bxf5 27.gxf5 Rf8 28.Bh6 Qxd4 29.Re1 Rg8
30.Be3 Qd3+ 31.Kf2 Rf8 32.Kg1 Rg8+ 33.Kf2 Rf8 34.Kg1 Rg8+ 35.Kf2 Rf8  1/2-1/2

[Event "WYCC Boys U18"]
[Site "Vung Tau City VIE"]
[Date "2008.10.23"]
[Round "5"]
[White "Pavlidis,Ana"]
[Black "Rian,K"]
[Result "1-0"]
[WhiteElo "2322"]
[BlackElo "2054"]

1.d4 d5 2.c4 c6 3.Nf3 Nf6 4.Nc3 a6 5.c5 e6 6.Bf4 Be7 7.h3 O-O 8.e3 Nbd7 9.Bd3 b6
10.b4 h6 11.O-O Bb7 12.Bc2 Re8 13.Re1 Bf8 14.Bg3 a5 15.a3 b5 16.Bd3 g6 17.Qb1 Nh5
18.Be5 f5 19.a4 bxa4 20.b5 Bg7 21.Bxg7 Nxg7 22.Qc2 e5 23.Qxa4 Qf6 24.bxc6 Bxc6
25.Bb5 Bxb5 26.Qxb5 exd4 27.exd4 Rxe1+ 28.Rxe1 Qf7 29.Qc6 Re8 30.Rxe8+ Qxe8
31.Nxd5 Kh8 32.Qb5 Nb8 33.Qxa5 Ne6 34.Qe1 Qc6 35.Qe5+ Kh7 36.Nf6+  1-0

[Event "Grand Prix CCAS"]
[Site "Cap D'Agde FRA"]
[Date "2008.10.25"]
[Round "1"]
[White "Serralta,M"]
[Black "Prie,E"]
[Result "0-1"]
[WhiteElo "2131"]
[BlackElo "2491"]

1.d4 d5 2.c4 c6 3.Nf3 Nf6 4.Nc3 a6 5.c5 Bf5 6.Bf4 e6 7.Qb3 Qc8 8.h3 Nbd7
9.e3 Be7 10.Be2 O-O 11.Na4 Bd8 12.Rc1 Ba5+ 13.Kf1 Bc7 14.g4 Bxf4 15.exf4 Be4
16.Rg1 Bxf3 17.Bxf3 Qc7 18.Qe3 Rad8 19.g5 Ne8 20.Rg4 g6 21.h4 Ng7 22.h5 gxh5
23.Rg1 f6 24.f5 Rde8 25.gxf6 Nxf6 26.fxe6 Kh8 27.Qh6 Rxe6 28.Bxh5 Nfxh5  0-1

[Event "TCh-HUN 2008-9"]
[Site "Kazincbarcika HUN"]
[Date "2008.10.26"]
[Round "1"]
[White "Varga,P1"]
[Black "To,N"]
[Result "1/2-1/2"]
[WhiteElo "2438"]
[BlackElo "2342"]

1.d4 d5 2.c4 c6 3.Nc3 Nf6 4.Nf3 a6 5.e3 e6 6.Qc2 c5 7.cxd5 exd5 8.dxc5 Bxc5
9.Be2 Nc6 10.O-O Be6 11.b3 Rc8 12.Bb2 O-O 13.Rac1 Ba7 14.Rfd1 Qe7 15.Qd3 Rfd8
16.Nd4  1/2-1/2

[Event "LiraH Autumn"]
[Site "Lichtenrade GER"]
[Date "2008.10.26"]
[Round "9"]
[White "Hein,C"]
[Black "Schaburov,W"]
[Result "1-0"]
[WhiteElo "2154"]
[BlackElo "1995"]

1.Nf3 Nf6 2.d4 d5 3.c4 c6 4.Nc3 a6 5.c5 b5 6.cxb6 Qxb6 7.e3 Nbd7 8.Be2 e6
9.O-O Bd6 10.b3 c5 11.Na4 Qb8 12.dxc5 Nxc5 13.Nxc5 Bxc5 14.Bb2 Bd6 15.Qd4 Qa7
16.Rac1 Qxd4 17.Bxd4 O-O 18.Rc6 Ba3 19.Ne5 a5 20.f3 Nd7 21.Rxc8 Rfxc8 22.Nxd7 Rc2
23.Bd3 Rxa2 24.Rf2 Rxf2 25.Kxf2 Rc8 26.f4 Rc7 27.Bb5 Rc2+ 28.Kf3 f6 29.h4 Bb4
30.h5 h6 31.g4 Be1 32.e4 dxe4+ 33.Kxe4 f5+ 34.gxf5 exf5+ 35.Kxf5 Bc3 36.Bc4+ Kh8
37.Bxc3 Rxc3 38.Ne5 Rc1 39.Kg6 Rg1+ 40.Kf7 Rg3 41.Kf8 Rc3 42.Ng6+ Kh7 43.Bg8+  1-0

[Event "WYCC Boys U14"]
[Site "Vung Tau City VIE"]
[Date "2008.10.26"]
[Round "7"]
[White "Naroditsky,D"]
[Black "Ankit,R"]
[Result "1/2-1/2"]
[WhiteElo "2382"]
[BlackElo "2200"]

1.d4 Nf6 2.Nf3 d5 3.c4 c6 4.Nc3 a6 5.a4 dxc4 6.e3 e6 7.Bxc4 Nbd7 8.O-O c5
9.a5 cxd4 10.exd4 Qc7 11.Qe2 Be7 12.Re1 b5 13.axb6 Nxb6 14.Bxa6 O-O 15.Bg5 Bxa6
16.Rxa6 Rxa6 17.Qxa6 Ra8 18.Qe2 Qb7 19.Ne5 h6 20.Bh4 Nfd5 21.Bg3 Bb4 22.Qf3 Bxc3
23.bxc3 Ra3 24.Rc1 Na4 25.h4 Rxc3 26.Rxc3 Naxc3 27.Kh2 Qe7 28.Qd3 Qb7 29.Qc4 Ne4
30.Qa4 Nef6 31.Qa5 Qc8 32.Qa7 Qe8 33.Qb7 Ne4 34.Nc6 Nxg3 35.Kxg3 Nf6 36.Ne5 Nd5
37.Kh2 Qe7 38.Qc8+ Kh7 39.g3 Nf6 40.Qc3 Qb7 41.Qc4  1/2-1/2

[Event "WYCC Boys U18"]
[Site "Vung Tau City VIE"]
[Date "2008.10.27"]
[Round "8"]
[White "Matlakov,M"]
[Black "Tologontegin,S"]
[Result "1-0"]
[WhiteElo "2490"]
[BlackElo "2359"]

1.d4 d5 2.c4 c6 3.Nf3 Nf6 4.Nc3 a6 5.c5 Nbd7 6.Bf4 Nh5 7.Bd2 Nhf6 8.Qc2 g6
9.g3 Bg7 10.Bg2 O-O 11.O-O Re8 12.Rad1 Nf8 13.h3 Bf5 14.Qb3 Qc8 15.Kh2 Be4
16.Na4 N6d7 17.Ba5 Rb8 18.Rfe1 Bxf3 19.Bxf3 e5 20.dxe5 Nxe5 21.e4 Nxf3+ 22.Qxf3 dxe4
23.Rxe4 Rxe4 24.Qxe4 Qe6 25.Qxe6 Nxe6 26.b4 Nd4 27.Kg2 Re8 28.Kf1 Kf8 29.Nb6 Rd8
30.Nc4 Rd7 31.Bb6 Ke7 32.Nd6 Kf8 33.Re1 Re7 34.Rxe7 Kxe7 35.Nxb7 Nc2 36.Ba5 Bc3
37.b5 Bxa5 38.bxa6  1-0

[Event "Grand Prix CCAS"]
[Site "Cap D'Agde FRA"]
[Date "2008.10.28"]
[Round "5"]
[White "Gordon,S"]
[Black "Fargere,Fr"]
[Result "1/2-1/2"]
[WhiteElo "2521"]
[BlackElo "2444"]

1.d4 d5 2.c4 c6 3.Nf3 Nf6 4.Nc3 a6 5.c5 Nbd7 6.Bf4 Nh5 7.e3 g6 8.h4 Bg7 9.Bh2 O-O
10.Be2 Nhf6 11.O-O Ng4 12.Bg3 e5 13.e4 exd4 14.Nxd4 Nxc5 15.exd5 Nh6 16.d6 Ne6
17.Nf3 Nf5 18.Bh2 Ned4 19.Nxd4 Nxd4 20.Bg4 f5 21.Ne2 c5 22.Bf3 f4 23.Nxf4 Qxd6
24.Nd5 Be5 25.Bxe5 Qxe5 26.Re1 Qd6 27.Nc3 Qf6 28.Bd5+ Kg7 29.Ne4 Qd8 30.Bc4 Qxh4
31.b4 b6 32.bxc5 bxc5 33.Bd5 Ra7 34.Rc1 Qg4 35.Qxg4 Bxg4 36.Nxc5  1/2-1/2

[Event "WYCC Girls U18"]
[Site "Vung Tau City VIE"]
[Date "2008.10.28"]
[Round "9"]
[White "Monhchuluun,C"]
[Black "Shlakich,A"]
[Result "0-1"]
[WhiteElo "1969"]
[BlackElo "2203"]

1.d4 d5 2.c4 c6 3.Nc3 Nf6 4.Nf3 a6 5.cxd5 cxd5 6.Qb3 Nc6 7.Bg5 e6 8.e3 Be7
9.Rc1 Bd7 10.Bd3 b5 11.O-O O-O 12.Bb1 h6 13.Bh4 Rc8 14.Qd1 Na5 15.Ne5 g5
16.Bg3 b4 17.Ne2 Rxc1 18.Nxc1 Bb5 19.Bd3 Nc4 20.Qe2 Nd6 21.Ng4 Nxg4 22.Qxg4 Ne4
23.Bxb5 axb5 24.Qe2 Qd7 25.Nd3 Ra8 26.Ne5 Qe8 27.Qh5 Bf8 28.Ng4 f5 29.Nxh6+ Bxh6
30.Qxh6 Ra7 31.f3 Rh7 32.Qxh7+ Kxh7 33.fxe4 Qc8 34.exd5 exd5 35.a3 b3 36.Be1 Qc1
37.Bc3 Qxe3+ 38.Kh1 f4 39.h3 Kg6 40.Re1 Qd3 41.Kg1 f3 42.Kf2 fxg2 43.Kxg2 Qc2+
44.Kg3 Qf5 45.Kg2 Qf4 46.Rf1 Qe4+ 47.Kg3 Qe3+ 48.Kg2 Qe7 49.Re1 Qd7 50.Re5 Qc7
51.Kg3 Qc4 52.Kg4 Qc8+ 53.Kg3 Qh8 54.Kg2 Qh4 55.Re3 Qf4 56.Re5 Kf6 57.Re2 Qc1
58.Rd2 Kf5 59.Re2 Qd1 60.Kf2 Qh1 61.Re5+ Kg6 62.Re3 Qh2+ 63.Kf1 Kf5 64.Ke1 Qg1+
65.Kd2 Qg2+ 66.Ke1 Qc2 67.Kf1 Kf4 68.Re2 Qd3 69.Ke1 Qg3+ 70.Kd1 Qxh3 71.Bd2+ Kg4
72.Re3 Qf1+ 73.Be1 Qc4 74.Bc3 Kf4 75.Bd2 Kg4 76.Bc3 Kh5 77.Re5 Qd3+ 78.Bd2 Kg4
79.Re3 Qb1+ 80.Ke2 Qxb2 81.Rc3 Qxa3 82.Kf2 Qa2  0-1

[Event "8th Rohde Open"]
[Site "Sautron FRA"]
[Date "2008.10.29"]
[Round "6"]
[White "Colin,V"]
[Black "Abbasov,F"]
[Result "1-0"]
[WhiteElo "2421"]
[BlackElo "2578"]

1.d4 d5 2.c4 c6 3.Nf3 Nf6 4.Nc3 a6 5.c5 Nbd7 6.Bf4 Nh5 7.Bd2 Qc7 8.e3 Nhf6
9.b4 e5 10.a4 e4 11.Ng1 Be7 12.b5 Nf8 13.bxa6 bxa6 14.a5 Ng6 15.Rb1 O-O 16.Rb6 Nd7
17.Qa4 Nxb6 18.axb6 Qd7 19.g3 Qb7 20.Nge2 Bg4 21.Nc1 Ne5 22.h3 Nf3+ 23.Kd1 Nxd4+
24.hxg4 Ne6 25.Nxe4 dxe4 26.Qxe4 g6 27.Bc3 Rad8+ 28.Kc2 Rd5 29.Rxh7 Kxh7
30.Qh1+ Rh5 31.gxh5 f5 32.hxg6+ Kxg6 33.g4 Ng7 34.Nd3 Bf6 35.gxf5+ Kxf5 36.Qh7+  1-0

[Event "Grand Prix CCAS"]
[Site "Cap D'Agde FRA"]
[Date "2008.10.30"]
[Round "7"]
[White "Gordon,S"]
[Black "Prie,E"]
[Result "1/2-1/2"]
[WhiteElo "2521"]
[BlackElo "2491"]

1.d4 d5 2.c4 c6 3.Nf3 Nf6 4.Nc3 a6 5.c5 Bf5 6.Bf4 e6 7.e3 Be7 8.Nd2 Nbd7
9.Be2 h5 10.h3 Qc8 11.O-O Bd8 12.Bf3 Bc7 13.Bxc7 Qxc7 14.e4 Bg6 15.Re1 Kf8
16.b4 h4 17.a4 Qf4 18.Ra3 Nh7 19.Ne2 Qc7 20.e5 Ng5 21.Nf4 Bf5 22.Bg4 g6 23.Nf3 Qd8
24.Nxg5 Qxg5 25.Qc1 Qh6 26.Bxf5 gxf5 27.Qe3 Kg7 28.Rb3 Nf8 29.Reb1  1/2-1/2

[Event "TCh-CHN Torch Real Estate Cup"]
[Site "Jiangsu Wuxi CHN"]
[Date "2008.10.30"]
[Round "12"]
[White "Huang Qian"]
[Black "Zhou Min"]
[Result "1-0"]
[WhiteElo "2438"]
[BlackElo "2205"]

1.d4 d5 2.Nf3 Nf6 3.c4 c6 4.Nc3 a6 5.c5 Bf5 6.Bf4 Nbd7 7.e3 e6 8.Be2 Be7
9.Nd2 h6 10.g4 Bh7 11.h4 Ne4 12.Ncxe4 Bxe4 13.Nxe4 dxe4 14.Qc2 e5 15.Bg3 exd4
16.exd4 Nf6 17.O-O-O b6 18.g5 Nd5 19.Qxe4 Kf8 20.Bc4 bxc5 21.dxc5 Bxc5 22.Bxd5 cxd5
23.Rxd5 Qb6 24.Kb1 Re8 25.Qc2 Be7 26.Re1 hxg5 27.hxg5 Qb7 28.Qd3 Rc8 29.Rd7 Rh1
30.Rxe7 Qc6 31.a3  1-0

[Event "WYCC Boys U16"]
[Site "Vung Tau City VIE"]
[Date "2008.10.30"]
[Round "11"]
[White "Pascua,H"]
[Black "Raznikov,D"]
[Result "1-0"]
[WhiteElo "2307"]
[BlackElo "2251"]

1.d4 Nf6 2.c4 c6 3.Nc3 d5 4.Nf3 a6 5.c5 Nbd7 6.Bf4 g6 7.g3 Bg7 8.Bg2 O-O
9.Qd2 Ne4 10.Nxe4 dxe4 11.Ne5 Nxe5 12.Bxe5 f6 13.Bf4 f5 14.Rd1 Be6 15.b3 b6
16.Qc2 Bd5 17.O-O a5 18.f3 exf3 19.Bxf3 b5 20.a4 bxa4 21.bxa4 Bxf3 22.Rxf3 Qd5
23.Rfd3 h6 24.h4 Kh7 25.Kh2 Rfd8 26.Re3 Ra7 27.Be5 Rad7 28.Bxg7 Kxg7 29.Qc3 Kf7
30.Rdd3 Qa2 31.Qxa5 f4 32.gxf4 Rxd4 33.Rxd4 Rxd4 34.Qc7 g5 35.f5 Rxh4+ 36.Kg3 Rh3+
37.Kxh3  1-0

[Event "FSGM November"]
[Site "Budapest HUN"]
[Date "2008.11.02"]
[Round "2"]
[White "Prohaszka,P2"]
[Black "Nguyen Huynh Minh Huy"]
[Result "1/2-1/2"]
[WhiteElo "2502"]
[BlackElo "2452"]

1.d4 d5 2.c4 c6 3.Nc3 Nf6 4.Nf3 a6 5.Bg5 Ne4 6.h4 Qa5 7.cxd5 cxd5 8.Nd2 Nxc3
9.Qc2 Nc6 10.Qxc3 Qb6 11.e3  1/2-1/2

[Event "IX Rapid Open"]
[Site "El Sauzal ESP"]
[Date "2008.11.02"]
[Round "8"]
[White "Potkin,V"]
[Black "Agrest,E"]
[Result "1-0"]
[WhiteElo "2613"]
[BlackElo "2574"]

1.d4 d5 2.c4 c6 3.Nc3 Nf6 4.Nf3 a6 5.c5 Bg4 6.Ne5 Be6 7.Bf4 Nh5 8.e3 g6 9.h4 Nxf4
10.exf4 f6 11.Nf3 Bg4 12.Be2 Qc7 13.g3 Nd7 14.h5 Bxh5 15.Nh4 Bxe2 16.Qxe2 Bg7
17.f5 Nf8 18.O-O-O O-O-O 19.fxg6 e5 20.gxh7 Qd7 21.Na4 Kb8 22.Nb6  1-0

[Event "IM"]
[Site "Petah Tiqwa ISR"]
[Date "2008.11.02"]
[Round "8"]
[White "Bitansky,I"]
[Black "Klenburg,M"]
[Result "1/2-1/2"]
[WhiteElo "2439"]
[BlackElo "2403"]

1.d4 d5 2.c4 c6 3.Nf3 Nf6 4.Nc3 a6 5.e3 e6 6.Bd3 dxc4 7.Bxc4 b5 8.Bd3 c5
9.O-O Bb7 10.dxc5 Bxc5 11.Ng5 Nbd7 12.Qe2 O-O 13.f4 h6 14.Nge4 Nxe4 15.Nxe4 Rc8
16.Bd2 Qb6 17.Rac1 Bxe4 18.Bxe4 Nf6 19.Bf3  1/2-1/2

[Event "FSIMB November"]
[Site "Budapest HUN"]
[Date "2008.11.07"]
[Round "7"]
[White "Henriksson,J"]
[Black "Farago,S"]
[Result "1-0"]
[WhiteElo "2250"]
[BlackElo "2251"]

1.d4 d5 2.c4 c6 3.Nf3 Nf6 4.Nc3 a6 5.e3 g6 6.Be2 Bg7 7.O-O b5 8.b3 Nbd7 9.Bb2 O-O
10.Nd2 Rb8 11.Rb1 Re8 12.f4 Nf8 13.cxd5 cxd5 14.Rc1 Ne6 15.Qe1 Qd6 16.Kh1 Bd7
17.Nd1 Rec8 18.Nf2 Rxc1 19.Qxc1 Rc8 20.Qb1 Nc7 21.Rc1 Qe6 22.Nf1 Ne4 23.Nd3 g5
24.Bc3 Ne8 25.Be1 N8d6 26.fxg5 Qf5 27.Nc5 Be8 28.Nxa6 Rxc1 29.Qxc1 Qxg5 30.Qc2 e5
31.dxe5 Bxe5 32.Nc5 Qf5 33.Nxe4 Nxe4 34.Bd3 Bd7 35.a4 bxa4 36.bxa4 Kg7 37.Kg1 Qg6
38.a5 f5 39.a6 Qb6 40.Qa2 Bc6 41.a7 Ba8 42.Qa3 Bd6 43.Bc3+ Kf7 44.Qa1 Bc5
45.Bd4 f4 46.Bxc5 Nxc5 47.Qd4 fxe3 48.Nxe3 Qxa7 49.Nf5 Ke6 50.Qe3+ Kf6 51.Qh6+  1-0

[Event "Russia Cup Final"]
[Site "Serpuhov RUS"]
[Date "2008.11.07"]
[Round "2.1"]
[White "Popov,Val"]
[Black "Volkov,Sergey1"]
[Result "1-0"]
[WhiteElo "2542"]
[BlackElo "2632"]

1.d4 d5 2.c4 c6 3.Nf3 Nf6 4.Nc3 a6 5.e3 b5 6.c5 g6 7.Ne5 Bg7 8.Be2 a5 9.O-O O-O
10.a3 Be6 11.f4 Ne4 12.Bd2 f6 13.Nd3 Nd7 14.Be1 Bf7 15.Bf3 Nxc3 16.bxc3 e5
17.fxe5 fxe5 18.Bg4 e4 19.Nf4 Qe8 20.a4 bxa4 21.Rxa4 Nf6 22.Be2 g5 23.Nh3 h6
24.Bg3 Be6 25.Qa1 Bg4 26.Rf2 Bxe2 27.Rxe2 Qd8 28.Nf2 Rf7 29.Rb2 Rfa7 30.Qa2 Qc8
31.Rb6 Kh7 32.Qb1 Nd7 33.Rb2 Kh8 34.h3 Qa6 35.Bd6 Nf6 36.Be5 Nd7 37.Bxg7+ Kxg7
38.c4 Nf6 39.cxd5 Nxd5 40.Ra3 Rf8 41.Nxe4 Raf7 42.Ng3 Qc4 43.Kh2 a4 44.Rb7 Ne7
45.Qe4 Re8 46.Qe5+ Kg8 47.e4 Qc1 48.Rxa4 Qc2 49.Nf5 Rxf5 50.exf5 Qxa4 51.Qe6+ Kf8
52.Qxh6+ Kf7 53.Qe6+ Kf8 54.Qf6+ Kg8 55.Qxg5+ Kf7 56.Qh5+ Kf8 57.Qh6+ Kf7
58.Qe6+ Kf8 59.Qf6+ Kg8 60.Rxe7 Rxe7 61.Qxe7 Qxd4 62.Qg5+ Kf8 63.Qh6+ Kg8
64.Qg6+ Kh8 65.Qh5+  1-0

[Event "Russia Cup Final"]
[Site "Serpuhov RUS"]
[Date "2008.11.08"]
[Round "2.4"]
[White "Popov,Val"]
[Black "Volkov,Sergey1"]
[Result "1/2-1/2"]
[WhiteElo "2542"]
[BlackElo "2632"]

1.d4 d5 2.c4 c6 3.Nc3 Nf6 4.Nf3 a6 5.e3 b5 6.c5 g6 7.Bd3 Bg7 8.h3 O-O 9.O-O a5
10.Re1 Qc7 11.e4 b4 12.Na4 dxe4 13.Bxe4 Nxe4 14.Rxe4 Bf5 15.Bf4 Qd8 16.Re1 Ra7
17.a3 Rb7 18.Qe2 Be6 19.axb4 Rxb4 20.Bd2 Rb5 21.Bc3 Na6 22.Ng5 Nc7 23.Nb6 h6
24.Nf3 Nd5 25.Bxa5 Qb8 26.b4 Qf4 27.Nxd5 Bxd5 28.Qe3 Qf5 29.Ne5 Re8 30.Rad1 h5
31.g4 hxg4 32.hxg4 Qf6 33.Rd3 Qh4 34.Qh3 Qxh3 35.Rxh3 g5 36.Rhe3 Rb7 37.Bb6 Ra8
38.Ba5 Re8 39.f3 Bxe5 40.dxe5 Kg7 41.Bb6 Ra8 42.Rd1 e6 43.Kg2 Ra2+ 44.Kg3 Rb8
45.Rh1 Kg6 46.Ba5 Ra8 47.Rh5 Rb2 48.Rh1 Rf8 49.Rh2 Rb1 50.Rh5 f6 51.exf6 Kxf6
52.Rh2 Kg6 53.Rf2 Rg1+ 54.Rg2 Rf1 55.Rf2 Rg1+ 56.Kh2 Rb1 57.Kg2 Rh8 58.Rf1 Rb2+
59.Rf2 Rb1 60.Bc7 Rxb4 61.Kg3 Rb1 62.Be5 Rhh1 63.Ra3 Rhg1+ 64.Rg2  1/2-1/2

[Event "9th Open"]
[Site "Liberec CZE"]
[Date "2008.11.15"]
[Round "1"]
[White "Skokan,F"]
[Black "Kaderabek,J"]
[Result "0-1"]
[WhiteElo "1829"]
[BlackElo "2201"]

1.d4 d5 2.c4 c6 3.Nf3 Nf6 4.Nc3 a6 5.a4 Bf5 6.Nh4 Be4 7.f3 Bg6 8.Nxg6 hxg6
9.Qb3 Qc7 10.cxd5 cxd5 11.Bg5 Nc6 12.Bxf6 gxf6 13.Nxd5 Qa5+ 14.Kf2 Rd8 15.e4 Qd2+
16.Be2 Qxe2+ 17.Kg3 Rxd5 18.Qxd5 Rh5 19.Qb3 Rg5+  0-1

[Event "38th Olympiad"]
[Site "Dresden GER"]
[Date "2008.11.16"]
[Round "4"]
[White "Prusikin,M"]
[Black "Laznicka,V"]
[Result "1/2-1/2"]
[WhiteElo "2538"]
[BlackElo "2591"]

1.d4 d5 2.c4 c6 3.Nf3 Nf6 4.Nc3 a6 5.c5 Bf5 6.Qb3 Qc8 7.Bf4 Nbd7 8.h3 e6
9.e3 Be7 10.Be2 O-O 11.O-O Re8 12.Rfc1 Bd8 13.Qd1 Bc7 14.Bxc7 Qxc7 15.Nh4 g5
16.Nxf5 exf5 17.Bd3 f4 18.exf4 Qxf4 19.Ne2 Qh4 20.Ng3 Qf4 21.Ne2 Qh4 22.Ng3 Qf4
23.Ne2 Qh4  1/2-1/2

[Event "38th Olympiad w"]
[Site "Dresden GER"]
[Date "2008.11.17"]
[Round "5"]
[White "Cmilyte,V"]
[Black "Houska,Jo"]
[Result "0-1"]
[WhiteElo "2512"]
[BlackElo "2399"]

1.d4 Nf6 2.Nf3 d5 3.c4 c6 4.Nc3 a6 5.e3 b5 6.c5 g6 7.Ne5 Nfd7 8.f4 Bg7 9.Be2 Nxe5
10.fxe5 f6 11.exf6 exf6 12.e4 f5 13.exd5 Qh4+ 14.g3 Qxd4 15.Qxd4 Bxd4 16.Bf4 cxd5
17.Nxd5 Bb7 18.O-O-O Bxd5 19.Rhe1 Nc6 20.Bxb5+ Kf7 21.Bxc6 Bxb2+ 22.Kxb2 Bxc6
23.Rd6 Rhe8 24.Rxe8 Bxe8 25.Rb6 h6 26.c6 Rc8 27.c7 a5 28.Kc3 Ke7 29.Kd4 g5
30.Be5 h5 31.Kc5 Kd7 32.Rh6 Bf7 33.Rh7 Ke6 34.Bd6 Kf6 35.Kc6 Bxa2 36.Kb7 Be6
37.Rh6+ Kf7 38.Rh7+ Kf6 39.Rh6+ Kf7 40.Be5 Re8 41.Rf6+ Ke7 42.Rg6 Bc8+ 43.Kc6 Kf7
44.Rg7+ Kf8 45.Rh7 Kg8 46.Rg7+ Kf8 47.Rh7 Kg8 48.Rd7 Bxd7+ 49.Kxd7 Kf7 50.Bf6 f4
51.Bd8 Re3 52.Kd6 Rc3 53.Bxg5 f3 54.Be3 Rd3+  0-1

[Event "38th Olympiad w"]
[Site "Dresden GER"]
[Date "2008.11.17"]
[Round "5"]
[White "Ubaldo Suarez,M"]
[Black "Smokina,K"]
[Result "0-1"]
[WhiteElo "2089"]
[BlackElo "2235"]

1.d4 d5 2.Nf3 Nf6 3.c4 c6 4.Nc3 a6 5.Bg5 dxc4 6.a4 Qa5 7.Bd2 Nbd7 8.e4 e5
9.Bxc4 exd4 10.Nd5 Qd8 11.Nxf6+ gxf6 12.Qb3 Qe7 13.O-O Nc5 14.Qc2 Ne6 15.Bxe6 fxe6
16.Nxd4 Qc5 17.Bc3 Qh5 18.Nxc6 Rg8 19.Nd4 e5 20.f4 Bc5 21.Rad1 Bh3 22.Rf2 Rd8
23.fxe5 fxe5 24.a5 exd4 25.Bxd4 Bxd4 26.Kh1 Bxf2  0-1

[Event "XXXII Tenkes Cup"]
[Site "Harkany HUN"]
[Date "2008.11.19"]
[Round "6"]
[White "Corrales Jimenez,F"]
[Black "Abergel,T"]
[Result "1-0"]
[WhiteElo "2552"]
[BlackElo "2509"]

1.d4 d5 2.c4 c6 3.Nc3 Nf6 4.Nf3 a6 5.cxd5 cxd5 6.Bf4 Nc6 7.e3 Bf5 8.Rc1 e6
9.Qb3 Ra7 10.Be2 Bd6 11.Bxd6 Qxd6 12.O-O O-O 13.Na4 Nd7 14.Nc5 Nxc5 15.Rxc5 Ne7
16.Rfc1 b6 17.R5c3 Bg4 18.Qd1 Bxf3 19.Bxf3 g6 20.R1c2 Rd8 21.h4 e5 22.dxe5 Qxe5
23.Rd2 h5 24.g3 Rad7 25.Rcd3 Rd6 26.Rd4 Nf5 27.Rxd5 Rxd5 28.Bxd5 Nxe3 29.fxe3 Qxg3+
30.Kf1 Rd6 31.Rd4 Rf6+ 32.Rf4 Rxf4+ 33.exf4 Qxf4+ 34.Qf3 Qc1+ 35.Kg2 Qxb2+
36.Qf2 Qxf2+ 37.Kxf2 Kf8 38.Ke3 Ke7 39.Bc4 b5 40.Bd3 Kf6 41.Kf4 Ke6 42.Kg5 Ke5
43.Bc2 a5 44.Bb3 f5 45.Kxg6 f4 46.Bd1 Ke4 47.Kxh5 f3 48.Kg4 f2 49.Be2 b4
50.h5 Ke3 51.Bf1 a4 52.h6 b3 53.h7 b2 54.h8=Q b1=Q 55.Qc3+  1-0

[Event "38th Olympiad"]
[Site "Dresden GER"]
[Date "2008.11.22"]
[Round "9"]
[White "Barsov,A"]
[Black "Tologontegin,S"]
[Result "1/2-1/2"]
[WhiteElo "2513"]
[BlackElo "2359"]

1.d4 d5 2.c4 c6 3.Nf3 Nf6 4.Nc3 a6 5.cxd5 cxd5 6.Bf4 Nc6 7.Rc1 e6 8.e3 Be7
9.h3 b5 10.a4 bxa4 11.Qxa4 Bd7 12.Be2 O-O 13.O-O Qb6 14.Qa2 Rfc8 15.Ra1 Qb4
16.Ne1 Ne4 17.Nd3 Qb7 18.Nxe4 dxe4 19.Nc5 Bxc5 20.dxc5 Nb4 21.Qb3 a5 22.Bd6 Bc6
23.f3 a4 24.Qc3 Nd5 25.Qd4 Nf6 26.Rf2 Rd8 27.Bd1 Ra7 28.Kh2 Qa8 29.Bc2 Rdd7
30.Raf1 Rd8 31.Ra1 Rdd7 32.Raf1 Rd8 33.Ra1  1/2-1/2